Anatomía para el artista

Shranjeno v:
Bibliografske podrobnosti
Glavni avtor: Simblet, Sarah (Author)
Format: Knjiga
Jezik:španščina
Izdano: Barcelona Blume 2002
Teme:
Oznake: Označite
Brez oznak, prvi označite!

MARC

LEADER 00000nam a2200000 a 4500
001 UCI7009
003 CL-VaPUC
008 080605e20020000SP |||||||||||||||||spa|d
020 |a 9788480764308 
082 0 4 |a 704.942  |b SIM  |2 21 
100 0 |a Simblet, Sarah  |e author  |9 530144 
245 1 0 |a Anatomía para el artista 
300 |a 255 p 
942 |c BK 
945 |d 20080605 00:00:00  |a rbrito 
260 |a Barcelona  |b Blume  |c 2002 
650 0 |a Anatomía artística  |9 312615 
650 0 |a Anatomía humana   |9 269546 
650 0 |a Cuerpo humano  |9 257169 
650 0 |a Fisiología humana   |9 269557 
650 7 |a DIBUJO ARTISTICO  |2 CL-VaPUC  |9 357593 
583 |a last modification  |c 20080605 00:00:00  |k Rodrigo Vera 
999 |c 330437  |d 330435 
952 |0 0  |1 0  |4 0  |6 704_942000000000000_SIM_2002  |7 0  |8 F  |9 415973  |a BIBART  |b BIBART  |d 2019-11-22  |i 4447379  |l 3  |o 704.942 SIM 2002  |p 4447379  |r 2025-03-13  |s 2022-09-12  |w 2019-11-22  |y BK_F  |k ART